000 00427nam a2200157 i 4500
001 89467
003 ES-MaACL
005 20230906180200.0
007 t|
008 050110s1963 fr ||||1| fre d
100 1 _aLanoux, Armand.
_970091
245 1 0 _aQuand la mer se retire
_b: roman /
_cArmand Lanoux.
260 _aParís :
_bRené Julliard,
_c1963.
300 _a295 p. ;
_c20 cm.
852 _aES-MaACL
_jC-27668
_bR.56045
999 _c89467
_d89467